Catalog

Record Details

Catalog Search



Tuctová mrtvola  Cover Image Book Book

Tuctová mrtvola / Minka Rybáková ; ilustr. a graf. úprava Ctirad Smolík

Summary:

Špionážní román z prostředí tajných služeb se odehrává v období studené války v 70. letech 20. století.

Record details

  • ISBN: 0-88781-132-9
  • Physical Description: 231 s. : obr. ; 18 cm
  • Publisher: Toronto : Sixty-Eight Publishers, 1981
Genre: romány

Available copies

  • 1 of 1 copy available at Common Catalog SPOK.

Holds

  • 0 current holds with 1 total copy.
Show All Copies
Location Call Number / Copy Notes Barcode Shelving Location Status Due Date
Jabok Library BL-1/Ry 424480014891 Beletrie Available -

LDR 01423nam a2200385 a 4500
00113564
003CZ-PrJAB
00520161025080729.0
007ta
008910424s1981 xxca a 0|0 1 cze
020 . ‡a0-88781-132-9 ‡q(brož.) : ‡cCAD 8,00
035 . ‡a(CZ PrSKC)slk19970002866
035 . ‡a(OCoLC)320682633
040 . ‡aABA001 ‡bcze ‡dABA004
080 . ‡a885.0-31 ‡2MRF-sel
1001 . ‡aRybáková, Minka, ‡d1928- ‡7kup20010000085443 ‡4aut
24510. ‡aTuctová mrtvola / ‡cMinka Rybáková ; ilustr. a graf. úprava Ctirad Smolík
260 . ‡aToronto : ‡bSixty-Eight Publishers, ‡c1981
300 . ‡a231 s. : ‡bobr. ; ‡c18 cm
520 . ‡aŠpionážní román z prostředí tajných služeb se odehrává v období studené války v 70. letech 20. století.
655 7. ‡aromány ‡7fd133289 ‡2czenas
910 . ‡aABG312
901 . ‡a13564 ‡bUnknown ‡c13564 ‡tbiblio

Additional Resources